000 01151cad a22002295a 4500
001 L143161
008 080122s2008 xxkad f s 000 0 eng d
035 _a(Sirsi) u143161
041 0 _aeng
050 0 4 _a333.337
_b218
110 2 _aSavills
_92020
245 0 0 _aSavills UK commercial development activity PMI
_bMarch 2008
_h[electronic resource]
260 _aLondon
_bSavills
_c2008
490 0 _aSavills UK Commercial Development Activity PMI
_vMarch 2008
520 _aPresents the results of a survey of over two hundred UK commercial property developers. Finds that overall development activity fell again since the previous month; 20% of developers reported a decline in activity on the previous month; 14% reported an increase in activity. Reports that private sector new build development was up on the previous month.
590 _aKA NTK
650 2 4 _aSAVILLS UK COMMERCIAL DEVELOPMENT ACTIVITY PMI
651 4 _aUnited Kingdom
_y
690 _aPROPERTY-COMMERCIAL PROPERTY-COMMERCIAL PROPERTY MARKET
856 4 0 _uhttps://www.savills.com/
_zView this report free of charge following registration at www.savills.com...
942 _n0
999 _c108088
_d108088